Superheroes by photos - Statistics

General Stats
  • This quiz has been taken 37 times
  • The average score is 9 of 16
Answer Stats
Picture Answer % Correct
Spider-Man
100%
Hellboy
88%
The PowerPuff Girls
88%
Robocop
85%
Michelangelo
82%
Captain Underpants
67%
Nova
67%
Elastigirl
61%
Plastic Man
61%
The Tick
42%
Dredd
36%
Radioactive Man
36%
Power Girl
27%
Freakazoid
15%
Animal Man
12%
XJ9
9%
No matching quizzes found
Score Distribution
Percent of People with Each Score
Percentile by Number Answered
Your Score History
You have not taken this quiz